La littérature en France depuis 1945
Gespeichert in:
| Hauptverfasser: | , , , |
|---|---|
| Format: | Buch |
| Sprache: | Französisch |
| Veröffentlicht: |
París
Bordas
1970
|
| Schlagworte: | |
| Tags: |
Tag hinzufügen
Keine Tags, Fügen Sie den ersten Tag hinzu!
|
MARC
| LEADER | 00000nam a2200000 a 4500 | ||
|---|---|---|---|
| 001 | UCQ4901 | ||
| 003 | CL-VaPUC | ||
| 008 | 980910e19700000FR |||||||||||||||||fre|d | ||
| 082 | 0 | 4 | |a 840.9 |b BER |2 21 |
| 100 | 0 | |a Bersani, Jacques |e author |9 419052 | |
| 700 | 0 | |a Autrand, Michel |e author |9 419053 | |
| 700 | 0 | |a Lecarme, Jacques |e author |9 419054 | |
| 700 | 0 | |a Vercier, Bruno |e author |9 419055 | |
| 245 | 1 | 3 | |a La littérature en France depuis 1945 |
| 300 | |a 863 p | ||
| 942 | |c BK | ||
| 945 | |d 19980910 00:00:00 |a crobeson | ||
| 260 | |a París |b Bordas |c 1970 | ||
| 650 | 0 | |a Literatura francesa |9 266330 | |
| 650 | 0 | |a Historia y crítica |9 257407 | |
| 583 | |a last modification |c 19980910 00:00:00 |k Rodrigo Vera | ||
| 999 | |c 275200 |d 275198 | ||
| 952 | |0 0 |1 0 |4 0 |6 840_900000000000000_BER_1970 |7 0 |8 A |9 311774 |a BIBEDU |b BIBEDU |d 2019-11-20 |i 1466836 |o 840.9 BER 1970 |p 1466836 |r 2019-11-20 |w 2019-11-20 |y BK |k LIT | ||